000 00323nam a2200133Ia 4500
008 151001s9999||||xx |||||||||||||| ||und||
100 _aMUDIT MOHINI
245 _aaesopes fables part 2
250 _a1
260 _bभारतीय पॉकेट बुक्स
260 _c2009
300 _a32
365 _b22
999 _c997955
_d997952